Indian Financial System (Record no. 3586)

MARC details
000 -LEADER
fixed length control field 00346nam a2200145Ia 4500
008 - FIXED-LENGTH DATA ELEMENTS--GENERAL INFORMATION
fixed length control field 191201s2008 xx 000 0 und d
082 ## - DEWEY DECIMAL CLASSIFICATION NUMBER
Classification number 658.15
Item number MAI
100 ## - MAIN ENTRY--PERSONAL NAME
Personal name MACHIRAJU, H.R.
245 #0 - TITLE STATEMENT
Title Indian Financial System
250 ## - EDITION STATEMENT
Edition statement Rep.
260 ## - PUBLICATION, DISTRIBUTION, ETC. (IMPRINT)
Place of publication, distribution, etc N.Delhi
Name of publisher, distributor, etc Vikas Publication House
Date of publication, distribution, etc 2008
300 ## - PHYSICAL DESCRIPTION
Extent 392
650 ## - SUBJECT ADDED ENTRY--TOPICAL TERM
Topical term or geographic name as entry element MBA
942 ## - ADDED ENTRY ELEMENTS (KOHA)
Source of classification or shelving scheme Dewey Decimal Classification
Koha item type Text Books
Holdings
Withdrawn status Lost status Source of classification or shelving scheme Damaged status Not for loan Collection code Home library Current library Date acquired Source of acquisition Cost, normal purchase price Bill Number Total Checkouts Full call number Acc. no. / Barcode Date last seen Bill Date Koha item type Date last borrowed Public note
    Dewey Decimal Classification     MBA PIET C-LIBRARY PIET C-LIBRARY 07/11/2008 J B C, New Delhi 265.00 SI-4098   658.15 MAI 9989 04/12/2019 16/10/2008 Text Books    
    Dewey Decimal Classification     MBA PIET C-LIBRARY PIET C-LIBRARY 07/11/2008 J B C, New Delhi 265.00 SI-4098   658.15 MAI 9990 04/12/2019 16/10/2008 Text Books    
    Dewey Decimal Classification     MBA PIET C-LIBRARY PIET C-LIBRARY 07/11/2008 J B C, New Delhi 265.00 SI-4098 1 658.15 MAI 9991 26/12/2024 16/10/2008 Text Books 18/12/2024  
    Dewey Decimal Classification     MBA PIET C-LIBRARY PIET C-LIBRARY 07/11/2008 J B C, New Delhi 265.00 SI-4098 1 658.15 MAI 9992 25/11/2023 16/10/2008 Text Books 22/01/2022 .

Design & Developed by: PIET Central Library
R70 Miles Stone Pattikalyana Samalkha Panipat 132102
mail ID :- [email protected], Phone No:- 0180-2569700 Ex.216